skbl

Dr Suryya Kumar Bhuyan Library Web-OPAC
ডঃ সূৰ্য্য
কুমাৰ ভূঞা পুথিভঁৰাল ৱেব-অ'পেক

All Research Scholars are advised to clear the annual library fees to continue using Library Resources, Remote Access, Plagiarism Test and Library Clearance.

Cotton University Book Fair 2026

Geochemical Prospecting for Mineral Deposits / (Record no. 7254)

MARC details
000 -LEADER
fixed length control field 00812nam a2200301Ia 4500
001 - CONTROL NUMBER
control field 7267
005 - DATE AND TIME OF LATEST TRANSACTION
control field 20240113234006.0
007 - PHYSICAL DESCRIPTION FIXED FIELD--GENERAL INFORMATION
fixed length control field ta
008 - FIXED-LENGTH DATA ELEMENTS--GENERAL INFORMATION
fixed length control field 050704s1987 a g b000 u eng u
020 ## - INTERNATIONAL STANDARD BOOK NUMBER
Terms of availability HB
040 ## - CATALOGING SOURCE
Original cataloging agency Coptton College,Assa
041 ## - LANGUAGE CODE
Language code of text/sound track or separate title eng
Language code of original Russian
082 ## - DEWEY DECIMAL CLASSIFICATION NUMBER
Classification number 550.9
Item number So 41 Ge
100 ## - MAIN ENTRY--PERSONAL NAME
Personal name Solovov, A.P. .
245 #0 - TITLE STATEMENT
Title Geochemical Prospecting for Mineral Deposits /
Statement of responsibility, etc. A.P. Solovov.
Medium Textual Documents
250 ## - EDITION STATEMENT
Edition statement 1st ed. /
260 ## - PUBLICATION, DISTRIBUTION, ETC.
Place of publication, distribution, etc. Moscow :
Name of publisher, distributor, etc. Mir Publishers ,
Date of publication, distribution, etc. 1987.
300 ## - PHYSICAL DESCRIPTION
Extent 287p. :
Other physical details ill. ;
Dimensions 22cm .
500 ## - GENERAL NOTE
General note Translated from the Russian by V.V. Kuznetsov
504 ## - BIBLIOGRAPHY, ETC. NOTE
Bibliography, etc. note Index
653 ## - INDEX TERM--UNCONTROLLED
Uncontrolled term Geology
653 ## - INDEX TERM--UNCONTROLLED
Uncontrolled term Geochemistry
653 ## - INDEX TERM--UNCONTROLLED
Uncontrolled term Mineral deposits
653 ## - INDEX TERM--UNCONTROLLED
Uncontrolled term PG-Geology
942 ## - ADDED ENTRY ELEMENTS (KOHA)
Source of classification or shelving scheme Dewey Decimal Classification
Koha item type Books
Holdings
Withdrawn status Lost status Damaged status Not for loan Collection Home library Current library Date acquired Coded location qualifier Total checkouts Full call number Barcode Date last seen Copy number Price effective from Koha item type
          Dr. Suryya Kumar Bhuyan Library Dr. Suryya Kumar Bhuyan Library 01/02/2012 00000   550.9 So 41 Ge 050/Geol 13/01/2024 1 01/02/2012 Books

Designed and Maintained by Team SKBL
©1901-2026

Powered by Koha